Elements of Electromagnetics / (Record no. 615112)

000 -LEADER
fixed length control field 00431nam a22001457a 4500
020 ## - INTERNATIONAL STANDARD BOOK NUMBER
International Standard Book Number 9780199321384
082 ## - DEWEY DECIMAL CLASSIFICATION NUMBER
Classification number 537.2
Author Mark SAD
100 ## - MAIN ENTRY--PERSONAL NAME
Personal name Sadiku, Matthew N. O.
245 ## - TITLE STATEMENT
Title Elements of Electromagnetics /
Statement of responsibility, etc. Matthew Sadiku
250 ## - EDITION STATEMENT
Linkage 6th Edition
260 ## - PUBLICATION, DISTRIBUTION, ETC.
Place of publication, distribution, etc. New York;
Name of publisher, distributor, etc. Oxford University Press,
Date of publication, distribution, etc. 2015.
563 ## - BINDING INFORMATION
Binding note H.B
650 ## - SUBJECT ADDED ENTRY--TOPICAL TERM
Topical term or geographic name entry element (The Oxford Series in Electrical and Computer Engineering)
942 ## - ADDED ENTRY ELEMENTS (KOHA)
Source of classification or shelving scheme
Koha item type Book
650 ## - SUBJECT ADDED ENTRY--TOPICAL TERM
-- 130995
Holdings
Withdrawn status Lost status Source of classification or shelving scheme Damaged status Not for loan Permanent Location Current Location Shelving location Date acquired Total Checkouts Full call number Barcode Date last seen Price effective from Koha item type
          Central Library (CL) Central Library (CL) General Stacks 10/08/2025   537.2 SAD LC-510 10/08/2025 10/08/2025 Book
© 2023 Central Library, National University of Sciences and Technology. All Rights Reserved.